000 00974njm a2200241 i 4500
001 4817
003 ES-MaACL
005 20240603193547.0
007 s|r|||||||||||
008 070817s1976 sp ||| g ||||||||1|nspa d
100 1 _aCalvo-Manzano, María Rosa.
_933892
245 1 0 _aConcierto de arpa [
_hGrabación sonora] /
_cinterviene María Rosa Calvo-Manzano.
260 _aMadrid :
_bAteneo de Madrid,
_c1976.
300 _a2 discos (CD-DA) (1 h. 53 min. 32 seg.) ;
_c12 cm.
500 _aDatos basados en la invitación.
518 _aActo organizado por el Aula de Música del Ateneo de Madrid, grabado en el salón de actos el viernes 28 de mayo de 1976, a las 19:00 h.
610 2 4 _aAteneo de Madrid-
_xActos culturales-
_y1976-
_vGrabaciones sonoras.
_91886
710 2 _aAteneo de Madrid.
_bAula de Música.
_91948
852 _aES-MaACL
_cROT
_jROT 3/7/36
_94934
852 _aES-MaACL
_cROT
_jROT 3/7/37
_9202997
942 _2udc
_cCDROM
999 _c4817
_d4817